| 000 | 00446nam a22001817a 4500 | ||
|---|---|---|---|
| 005 | 20230905184846.0 | ||
| 008 | 230714b |||||||| |||| 00| 0 eng d | ||
| 020 | _a9780875967103 | ||
| 082 |
_a746.4603 _bPAH-T |
||
| 100 | _aPahl, Ellen | ||
| 245 | _aThe QUILTERS Ultimate VISUAL GUIDE | ||
| 260 |
_aUSA _bSt.Martin Press _c1997 |
||
| 300 | _a288 | ||
| 500 | _ainclude index | ||
| 650 | _aArchitecture | ||
| 700 | _aEllen Pahl | ||
| 999 |
_c25995 _d25995 |
||